000 00416pab a2200157 454500
008 180718b2005 xxu||||| |||| 00| 0 eng d
100 _aDutta, P.K.
245 _aHigher education in 21st century: challenges and opportunities
260 _c2005
300 _ap.1-9.
362 _a28 Nov
650 _aHigher education - 21st century
650 _aHigher education
773 _aUniversity News
909 _a67902
999 _c67902
_d67902